離別賦
| 資料類型: | 圖書 | 書目號: | 47166 |
Leader xxxxxxxxxx 005 __ 20140410141010 010 0_ |a978-986-6135-33-0|b平裝|dNT$220 020 __ |atw|b100008379 100 __ |a20140616d2011 m y0chiy50 e 101 0_ |achi 102 __ |atw 105 __ |ay z 000cy 200 1_ |a離別賦|f張輝誠著 205 __ |a初版 210 __ |a新北市中和區|cINK印刻文學|d2011[民100] 215 0_ |a207面|d21公分 225 12 |a文學叢書|v291 606 1_ |2cst|a中國散文 681 __ |a855|b1190|v增訂八版 700 _1 |a張|b輝誠|4著 806 __ |aL30|u20140107|xFour corners|831355007033591 681 __ |a855|b8762 801 _0 |atw|b內湖高中|c20140616|gCCR |